00709nam a2200145Ia 4500008004100000100002100041245010000062245013800162260004700300260000900347650002200356856009300378999001900471952007300490160809s9999 xx 000 0 und d aAlazami, Saad S. aSTRESS LEVELS OF KUWAITI MOTHERS OF CHILDREN WITH SLD: DOES WORK AND EDUCATIONAL STATUS MATTER? cSaad S. Alazemi Ministry of Education, Kuwait Azar Hadadian John B. Merbler Ball State University Cen Wang Charles Stuart University. bInternational Journal of Special Education c2015 xSPECIAL EDUCATION uhttp://www.internationaljournalofspecialed.com/issues/IJSE%20ENTIRE%20ISSUE%2030%201.pdf c300269d300269 001040aCLbCLd2016-08-09l0r2016-08-09 00:00:00w2016-08-09yFOJ